03347nam a2200301 i 4500001001000000003000900010005001700019007000300036008004100039040003000080082002200110110001000132111009500142245001300237264006200250300004500312336002700357337003400384338002700418505229900445590002602744650005002770650005402820910000702874942001402881952013302895999001703028000029316DO-SdBNP20240416103743.0ta240416s2000 dr 000 0 spa d aDO-SdBNPbspacBNPHUerda 4bS471me222a305.4 956201 aSeminario Latinoamericano de Oficinas de la Mujer cSanto Domingod(6-8 abr., 1999)98525303aMemorias aSanto Domingo :bSecretaria de estado de la Mujer,c2000. a164 páginas :bilustraciones ;c24 cm. 2rdacontentatextobtxt 2rdamediaasin mediaciónbnc 2rdacarrieravolumenbn aPapel y funciones de las Oficinas de la Mujer en el contexto de la modernización y reforma del Estado / Elvira Caro 13|Institucionalización del enfoque de equidad de género en las políticas públicas, condicionantes y potencialidades desde el Estado / Sonia Montaño Virreira 33|Institucionalización de políticas públicas para la equidad de género en América Latina y el Caribe / Belkys Mones 41|Institucionalización del enfoque de equidad de género en las políticas económicas y sociales: la experiencia de Chile / Natacha Molina García 51|Institucionalización del enfoque de equidad de género en las políticas económicas y sociales: la experiencia de Colombia / Gladys Cifuentes Aranzázu 61|Institucionalización del enfoque de equidad de género en las políticas económicas y sociales: la experiencia de Nicaragua / Rosa Argentina López Prado 67|Institucionalización del enfoque de equidad de género en las políticas económicas y sociales: la experiencia de Paraguay / Heydée Carmagnola 73|Institucionalización del enfoque de equidad de género en las políticas económicas y sociales: la experiencia de Argentina / Teresa González de Solac 79|Institucionalización del enfoque de género en las políticas económicas y sociales: la experiencia de Panamá / Urania Ungo 83|Institucionalización del enfoque de equidad de género en las políticas económicas y sociales: la experiencia de Cuba / Nieves Alemany Aguilera 89|Los medios de comunicación de masas, el cambio cultural y el conocimiento. Cómo estar en los medios sin perdernos / Sara Lovera 93|Estrategias para la producción de cambios culturales de equidad de género a través de los medios de comunicación / Concepción Dancausa 101|Oficinas gubernamentales de la mujer y movimiento de mujeres; experiencias de articulación y relacionamiento con miras al impulso de políticas públicas de equidad de género / Sandra Samaniego 107|Los procesos nacionales en torno a Beijing: la coordinadora. Relacionamiento Estado-movimiento de mujeres, de avances, obstáculo y estrategias / Lusitania Martínez 117|Relaciones de la Dirección General de Promoción de la Mujer con el movimiento de mujeres en nuestro país / Sergia Galván 123 aInventariado, 2024/DG 4aDerechos de la mujerxAmérica Latina985254 4aMujeresxSalud e higienezAmérica Latina985255 aDG 2ddccLBS1 00102ddc51708PDaBNPHUbBNPHUcCTd2024-04-16edonaciónl0oBNPHU PD 305.4 S471mep2024-2287r2024-04-16w2024-04-16yLBS1 c56425d56425